LIBRARY & INFORMATION CENTRE, KCAET, TAVANUR

ONLINE PUBLIC ACCESS CATALOGUE (OPAC)

Dictionary of the fungi / (Record no. 9190)

MARC details
000 -LEADER
fixed length control field 00543cam a2200205ua 4500
041 ## - LANGUAGE CODE
Language code of text/sound track or separate title eng
082 ## - DEWEY DECIMAL CLASSIFICATION NUMBER
Classification number 028.73 589
Item number HAW/DI
100 ## - MAIN ENTRY--AUTHOR NAME
Personal name Hawksworth, D L .
245 ## - TITLE STATEMENT
Title Dictionary of the fungi /
250 ## - EDITION STATEMENT
Edition statement 7 /
260 ## - PUBLICATION, DISTRIBUTION, ETC. (IMPRINT)
Place of publication New Delhi :
Name of publisher International Books & Periodicals Supply Service ,
Year of publication 1985.
300 ## - PHYSICAL DESCRIPTION
Number of Pages 445 ; .
700 1# - ADDED ENTRY--PERSONAL NAME
Personal name Ainsworth, G C .
700 1# - ADDED ENTRY--PERSONAL NAME
Personal name Sutton, B C .
942 ## - ADDED ENTRY ELEMENTS (KOHA)
Koha item type Books
Holdings
Withdrawn status Lost status Damaged status Home library Current library Date acquired Full call number Accession Number Koha item type
      KAUAET KAUAET 01/11/1988 028.73 589 16384 Books
free website counter